| 000 | 01432nam a22003257a 4500 | ||
|---|---|---|---|
| 003 | EG-ScBUE | ||
| 005 | 20211118102924.0 | ||
| 008 | 090812s2004 ua f 000 0 ara d | ||
| 017 | _a2004 / 10462 | ||
| 020 | _a977019194 | ||
| 040 |
_aEG-ScBUE _bara _erda _cEG-ScBUE _dEG-ScBUE |
||
| 082 | 0 | 4 |
_a868.62 _bج ا ر _222 |
| 100 | 1 |
_98429 _aجارثيا لوركا، فيديريكو، _d1898-1936، _eمؤلف. |
|
| 245 | 1 | 0 |
_aيرما : _bوقصائد من شعره / _cفيدريكو جارسيا لوركا ؛ ترجمة صلاح عبد الصبور، وحيد النقاش. |
| 264 | 1 |
_aالقاهرة : _bالهيئة المصرية العامة للكتاب، _c2004. |
|
| 300 |
_a128 صفحة ؛ _c15 سم. |
||
| 336 |
_2rdacontent _aنص _btxt |
||
| 337 |
_2rdamedia _aبدون وسيط _bn |
||
| 338 |
_2rdacarrier _aمجلد _bnc |
||
| 490 | 0 |
_aروائع الأدب العالمي. _aمكتبة الأسرة |
|
| 546 | _aالنص باللغة العربية وتم ترجمته من اللغة الإسبانية. | ||
| 650 | 7 |
_98425 _aالمسرحيات الأسبانية _yقرن 20. _2BUEsh |
|
| 650 | 7 |
_aالشعر الأسباني _xدواوين وقصائد _yقرن 20. _2BUEsh |
|
| 651 | _2BUEsh | ||
| 653 |
_bHHUUEENN _cNovember2021 |
||
| 655 |
_vReading book _934232 |
||
| 700 | 1 |
_aعبد الصبور، صلاح، _eمترجم. |
|
| 700 | 1 |
_aالنقاش، وحيد، _eمترجم. |
|
| 942 |
_2ddc _cBB |
||
| 999 |
_c12569 _d12569 |
||